Young Igi - Konfetti - Statystyki

Ogólne statystyki
  • Ten quiz został rozwiązany 3 razy
  • Średni wynik to 5 z 16
Statystyki odpowiedzi
Konfetti % Poprawnych
Bestia
100%
Big Ben
50%
Dred
50%
Flava
50%
Giń za mnie
50%
Jebany Trap
50%
LEGO
50%
Nie potrafię
50%
Torby
50%
Daj mi znać
0%
Fendi
0%
Geniusz
0%
Nemo
0%
Nie boję się
0%
Richard Mille
0%
Styl
0%
Nie znaleziono quizów pasujących do podanych kryteriów
Rozkład punktacji
Procent ludzi z każdym wynikiem
Percentyl według liczby udzielonych odpowiedzi
Twoja historia wyników
Nie rozwiązałeś tego quizu